000 02199cam a2200385 4500
001 ABS65682
008 020723n2002 000 0 eng u
035 _a(Sirsi) u119000
100 _aCottam, G
245 _aStatutory construction: four years on
260 _c2002
490 _aCivil Engineering
_v150(2) May 2002, 75-80(6)
520 _aIt is nearly four years since the Housing Grants, Construction and Regeneration Act 1996 Part II came into force and with it the automatic right to a 28 day adjudication to settle disputes over payment. This article reports that, despite some rigorous challenges in the courts, the legislation has remained largely in tact and is achieving its key objective of freeing-up cash flow with the construction industry. It concludes that despite the dire predictions made when it was enacted, the Construction Act may well prove to have been the single most beneficial change in UK construction law ever. Case law and references. [Taken from journal headnote]
590 _aABS
650 _aHOUSING GRANTS, CONSTRUCTION AND REGENERATION ACT 1996 PART II
650 _aHOUSING GRANTS, CONSTRUCTION AND REGENERATION ACT 1996
650 _aCONSTRUCTION INDUSTRY
650 _aOUTWING CONSTRUCTION LTD V H RANDELL AND SONS LTD
650 _aPROJECT CONSULTANCY GROUP V TRUSTEES OF THE GRAY TRUST
650 _aPALMERS LTD V A B B POWER CONSTRUCTION LTD
650 _aBOUYGUES UK LTD V DAHL-JENSEN UK LTD
650 _aDISCAIN PROJECT SERVICES LTD V OPECPRIME DEVELOPMENT LTD
650 _aGLENCOT DEVELOPMENT AND DESIGN CO LTD V BEN BARRETT AND SON (CONTRACTORS) LTD
650 _aRAINFORD HOUSE LTD V CADOGAN LTD
650 _aAUSTIN HALL BUILDING LTD V BUCKLAND SECURITIES LTD
650 _aMANAGEMENT-DISPUTE AVOIDANCE, MANAGEMENT AND RESOLUTION-DISPUTE MANAGEMENT AND RESOLUTION-ALTERNATIVE DISPUTE RESOLUTION-ADJUDICATION
650 _aPAYMENT
650 _aJOHN MOWLEM V HYDRA-TIGHT
650 _aMACOB CIVIL ENGINEERING LTD V MORRISON CONSTRUCTION LTD
650 _aBUILT ENVIRONMENT-BUILDING CONTRACT FORMS
690 _aBUILDING AND CONSTRUCTION-LAW
700 _aO'Reilly, M
700 _aRyan, E
942 _n0
999 _c70794
_d70794